[Event "POHÁR města Říčany 2024"]
[Site "Městské kulturní středisko U labutě"]
[Date "2024.07.04"]
[Round "7.1"]
[White "Burdalev, Kirill"]
[Black "Vojta, Jakub"]
[Result "1/2-1/2"]
[WhiteElo "2348"]
[BlackElo "2266"]
[WhiteFideId "14121913"]
[BlackFideId "382515"]
[PlyCount "0"]
[EventDate "2024.06.29"]

1. d4 Nf6 2. c4 e6 3. Bf4 d5 4. cxd5 exd5 5. e3 Bd6 6. Bxd6 Qxd6 7. Bd3 O-O
8. Nc3 c6 9. Nge2 Re8 10. Qc2 Nbd7 11. h3 h5 12. O-O Nf8 13. a3 h4 14. b4 Ne6
15. f4 a5 16. Rab1 axb4 17. axb4 Bd7 18. Qc1 Nc7 19. f5 Na6 20. Bxa6 1/2-1/2

[Event "POHÁR města Říčany 2024"]
[Site "Městské kulturní středisko U labutě"]
[Date "2024.07.04"]
[Round "7.2"]
[White "Petras, Milan"]
[Black "Jun, Rudolf"]
[Result "0-1"]
[WhiteElo "1977"]
[BlackElo "2232"]
[WhiteFideId "306665"]
[BlackFideId "376612"]
[PlyCount "0"]
[EventDate "2024.06.29"]

1. e4 c5 2. Nf3 e6 3. c3 Nf6 4. e5 Nd5 5. d4 cxd4 6. Bc4 Nc6 7. O-O Be7 8. Bxd5
exd5 9. Re1 O-O 10. Bf4 Qb6 11. Qd2 Re8 12. cxd4 Na5 13. b3 Bb4 14. Nc3 Qe6
15. Qd3 Bxc3 16. Qxc3 b6 17. Qd3 Bb7 18. h4 h6 19. Bd2 Nc6 20. b4 a5 21. b5 Ne7
22. Bf4 Qg4 23. Bc1 Rac8 24. Bb2 Ng6 25. g3 Rc4 26. Nh2 Qh3 27. Qf3 Rc2 28. Bc1
Qe6 29. Ba3 Rec8 30. Rec1 Ne7 31. Rxc2 Rxc2 32. Rc1 Rxc1+ 33. Bxc1 d6 34. exd6
Nf5 35. Qf4 Nxd6 36. Ba3 Nxb5 37. Qb8+ Bc8 38. Bc5 bxc5 39. Qxb5 cxd4 40. Qxa5
Kh7 41. Qd2 Qe4 42. a4 d3 43. Nf1 Bh3 44. f3 Qe2 45. a5 Qxf1+ 46. Kh2 Qe2+ 0-1

[Event "POHÁR města Říčany 2024"]
[Site "Městské kulturní středisko U labutě"]
[Date "2024.07.04"]
[Round "7.3"]
[White "Vysinsky, Otakar"]
[Black "Kulhanek, Tomas"]
[Result "0-1"]
[WhiteElo "1941"]
[BlackElo "2319"]
[WhiteFideId "23719818"]
[BlackFideId "309656"]
[PlyCount "0"]
[EventDate "2024.06.29"]

1. e4 d6 2. d4 Nf6 3. Nc3 g6 4. Bc4 Bg7 5. Qe2 Nc6 6. e5 Nd7 7. e6 fxe6 8. Nf3
Nb6 9. Bxe6 Bxe6 10. Qxe6 Nxd4 11. Nxd4 Bxd4 12. Ne4 Qd7 13. Ng5 O-O-O 14. Qe4
e5 15. O-O d5 16. Qd3 Bc5 17. a4 h6 18. a5 hxg5 19. axb6 Bxb6 20. Bxg5 Rdf8
21. c4 Rf5 22. Bd2 dxc4 23. Qxd7+ Kxd7 24. Be3 Bxe3 25. fxe3 Rxf1+ 26. Kxf1 Rxh2
27. Kg1 Rh6 28. Rxa7 g5 29. Rxb7 Rb6 30. Ra7 Rxb2 31. Ra1 Kc6 32. Rc1 Kc5 0-1

[Event "POHÁR města Říčany 2024"]
[Site "Městské kulturní středisko U labutě"]
[Date "2024.07.04"]
[Round "7.4"]
[White "Topencik, Bruno"]
[Black "Crha, Ondrej"]
[Result "0-1"]
[WhiteElo "2070"]
[BlackElo "2171"]
[WhiteFideId "23716550"]
[BlackFideId "307220"]
[PlyCount "0"]
[EventDate "2024.06.29"]

1. e4 c5 2. Nf3 e6 3. d4 cxd4 4. Nxd4 a6 5. Bd3 Nf6 6. O-O Qc7 7. Qe2 d6 8. f4
Nbd7 9. c4 b6 10. Nc3 Bb7 11. f5 e5 12. Nb3 Nc5 13. Nxc5 bxc5 14. Kh1 Be7
15. Bd2 Kd7 16. Rab1 a5 17. a3 Ba6 18. b3 Rab8 19. Bc2 h6 20. Rfd1 Rhg8 21. Na4
g6 22. Qf2 gxf5 23. Qxf5+ Ke8 24. Nc3 Bc8 25. Qf2 Rg7 26. Rf1 Qd7 27. Nd5 Bd8
28. Nxf6+ Bxf6 29. Bxa5 Ra8 30. b4 Bb7 31. Rbd1 Qe7 32. Bb6 Rxa3 33. bxc5 Bh4
34. cxd6 Bxf2 35. dxe7 Bxb6 36. Rb1 Ra2 37. Rbc1 Be3 38. Rb1 Rxc2 39. Rxb7 Rgxg2
40. Rb8+ Kxe7 41. Rb7+ Ke6 0-1

[Event "POHÁR města Říčany 2024"]
[Site "Městské kulturní středisko U labutě"]
[Date "2024.07.04"]
[Round "7.5"]
[White "Pressler, Tobias"]
[Black "Hlavina, Matous"]
[Result "1/2-1/2"]
[WhiteElo "2005"]
[BlackElo "2231"]
[WhiteFideId "23715359"]
[BlackFideId "386650"]
[PlyCount "0"]
[EventDate "2024.06.29"]

1. e4 c5 2. Nc3 d6 3. d4 cxd4 4. Qxd4 Nc6 5. Qd2 Nf6 6. b3 a6 7. Bb2 b5 8. f3
e6 9. Nge2 Be7 10. O-O-O Qc7 11. g4 b4 12. Na4 Ne5 13. Bg2 Bd7 14. g5 Bxa4
15. gxf6 Bxf6 16. f4 Rc8 17. Kb1 Nc4 18. bxc4 Qxc4 19. Rc1 Bc3 20. Qxd6 Qxe2
21. Bf1 Qxe4 22. Bxa6 Rd8 23. Qc5 Bxc2+ 24. Rxc2 Qxh1+ 25. Bc1 f5 26. Re2 Kf7
27. Qc7+ Kg6 28. Bc4 Bf6 29. Bxe6 Rhf8 30. Qc2 Bc3 31. Rg2+ Kh6 32. Qf2 Qd1
33. Rg3 Rd3 34. Rg1 Qf3 35. Qh4+ Qh5 36. Qf2 g6 37. Rg5 Qh3 38. Qc5 Rf6 39. Qe7
Rd6 40. Bxf5 Rxf5 41. Qxd6 Rf6 42. Qd5 Rf5 43. Qd7 Bf6 44. Rg3 Qxh2 45. Qd3 Qf2
46. Rh3+ Bh4 47. Qd8 Kh5 48. Qd1+ Kh6 49. Qd8 Kh5 50. Qd1+ Kh6 51. Qd8 1/2-1/2

[Event "POHÁR města Říčany 2024"]
[Site "Městské kulturní středisko U labutě"]
[Date "2024.07.04"]
[Round "7.6"]
[White "Verner, Matej"]
[Black "Novak, Jindrich"]
[Result "1-0"]
[WhiteElo "2043"]
[BlackElo "2010"]
[WhiteFideId "23729236"]
[BlackFideId "307874"]
[PlyCount "0"]
[EventDate "2024.06.29"]

1. e4 e5 2. f4 d5 3. exd5 Qxd5 4. Nc3 Qe6 5. fxe5 Qxe5+ 6. Be2 Bg4 7. d4 Bxe2
8. Ngxe2 Qh5 9. O-O Bd6 10. Bf4 Bxf4 11. Nxf4 Qxd1 12. Raxd1 Nh6 13. Rde1+ Kd7
14. Nd3 Kd8 15. g4 f6 16. h3 Nc6 17. d5 Ne7 18. Nc5 b6 19. Ne6+ Kd7 20. Nxg7
Rhg8 21. Nh5 Nxg4 22. hxg4 Rxg4+ 23. Kf2 Rf8 24. Rg1 Rh4 25. Rg7 Rxh5 26. Rexe7+
Kd8 27. Rd7+ Kc8 28. Rxc7+ Kb8 29. Rb7+ Ka8 30. Rxa7+ Kb8 1-0

[Event "POHÁR města Říčany 2024"]
[Site "Městské kulturní středisko U labutě"]
[Date "2024.07.04"]
[Round "7.7"]
[White "Rut, Vojtech"]
[Black "Korniichuk, Oleksandra"]
[Result "1-0"]
[WhiteElo "2028"]
[BlackElo "1956"]
[WhiteFideId "333190"]
[BlackFideId "14155656"]
[PlyCount "0"]
[EventDate "2024.06.29"]

1. e4 c5 2. Nf3 Nc6 3. d4 cxd4 4. Nxd4 Nf6 5. Nc3 e5 6. Ndb5 d6 7. Bg5 a6
8. Na3 b5 9. Bxf6 gxf6 10. Nd5 Bg7 11. g3 O-O 12. Bg2 Rb8 13. O-O f5 14. exf5
Bxf5 15. c3 Ne7 16. Nxe7+ Qxe7 17. Nc2 Be6 18. Nb4 Rb6 19. a4 a5 20. Nc6 Qc7
21. axb5 Rxb5 22. b4 Rb6 23. Qa4 e4 24. b5 Bd5 25. Nxa5 Qxc3 26. Rfd1 Qc5
27. Rab1 Rc8 28. Rxd5 Qxd5 29. Bxe4 Qd4 30. Qxd4 Bxd4 31. Bc6 Rc7 32. Rd1 Bc5
33. Kg2 Bb4 34. Nc4 Rcxc6 35. bxc6 Rxc6 36. Ne3 Kg7 37. Rd5 Bc5 38. Nf5+ Kf6
39. g4 Ra6 40. Rd3 Ke5 41. Rf3 d5 42. Ng3 f6 43. Rf5+ Kd4 44. Nh5 Be7 45. Nf4
Rd6 46. Kf3 Kc4 47. Ke3 d4+ 48. Ke2 Ra6 49. Rd5 Bd6 50. Rf5 Be5 51. Ng2 d3+
52. Ke3 Bd4+ 53. Kf3 Rd6 54. Nf4 d2 55. Ke2 Be5 56. Kd1 Kc3 57. Ne2+ Kd3
58. Rf3+ Kc4 59. h3 Rd3 60. Ng1 Rd6 61. Ra3 Bc3 62. Ne2 Bb4 63. Rf3 Ra6 64. Rf4+
Kb3 65. Nd4+ Kb2 66. Nc2 Bc3 67. Rf5 Rb6 68. Rd5 Kb3 69. Ne3 Bb4 70. Rd3+ Ka4
71. Nd5 Rb5 72. Rd4 Kb3 73. Rxb4+ Rxb4 74. Nxb4 Kxb4 75. Kxd2 Kc4 76. Ke3 Kd5
77. Kf4 Ke6 78. Ke4 h6 79. Kf4 Kf7 80. Kf5 Kg7 81. h4 Kf7 82. h5 Kg7 83. Ke6 Kf8
84. Kxf6 Kg8 85. Kg6 Kh8 86. Kxh6 1-0

[Event "POHÁR města Říčany 2024"]
[Site "Městské kulturní středisko U labutě"]
[Date "2024.07.04"]
[Round "7.8"]
[White "Walek, Petr"]
[Black "Veverka, Vladimir"]
[Result "1-0"]
[WhiteElo "2294"]
[BlackElo "1968"]
[WhiteFideId "339393"]
[BlackFideId "23716568"]
[PlyCount "0"]
[EventDate "2024.06.29"]

1. e4 c5 2. Nf3 d6 3. d4 cxd4 4. Nxd4 Nf6 5. Nc3 a6 6. Bc4 e6 7. Bb3 Nbd7
8. Bg5 Nc5 9. Qe2 Be7 10. f4 b5 11. Nc6 Qc7 12. Nxe7 Bb7 1-0

[Event "POHÁR města Říčany 2024"]
[Site "Městské kulturní středisko U labutě"]
[Date "2024.07.04"]
[Round "7.9"]
[White "Vavrinec, Tomas"]
[Black "Hejsek, Lukas"]
[Result "0-1"]
[WhiteElo "1922"]
[BlackElo "2029"]
[WhiteFideId "318353"]
[BlackFideId "393860"]
[PlyCount "0"]
[EventDate "2024.06.29"]

1. Nf3 d5 2. c4 e6 3. g3 dxc4 4. Bg2 a6 5. a4 Nf6 6. O-O Be7 7. Na3 b5 8. axb5
axb5 9. Nd4 Rxa3 10. Nxe6 Bxe6 11. bxa3 O-O 12. Bb2 Bd5 13. Bxd5 Qxd5 14. Qc2
Nbd7 15. Rfd1 h5 16. d3 Nb6 17. dxc4 Qxc4 18. Rac1 Qxc2 19. Rxc2 Nc4 20. Bxf6
Bxf6 21. a4 c6 22. axb5 cxb5 23. Rd5 g6 24. Rc1 Rb8 25. Rb1 b4 26. Rb3 Bc3
27. Rc5 Nb6 28. e3 Rd8 29. Kg2 Na4 30. Ra5 Nb2 0-1

[Event "POHÁR města Říčany 2024"]
[Site "Městské kulturní středisko U labutě"]
[Date "2024.07.04"]
[Round "7.10"]
[White "Bezdek, Tomas"]
[Black "Kaplanova, Dominika"]
[Result "1-0"]
[WhiteElo "1958"]
[BlackElo "1912"]
[WhiteFideId "23733551"]
[BlackFideId "23737344"]
[PlyCount "0"]
[EventDate "2024.06.29"]

1. Nf3 Nf6 2. c4 d5 3. d4 e6 4. g3 Be7 5. Bg2 c6 6. O-O O-O 7. Nc3 b6 8. b3
Nbd7 9. Nd2 Bb7 10. e4 dxe4 11. Ndxe4 Nxe4 12. Nxe4 Nf6 13. Bb2 Qc7 14. Qe2 Nxe4
15. Bxe4 Bf6 16. c5 Rfd8 17. Rfd1 Rd7 18. Qc2 h6 19. Rd2 e5 20. Rad1 Bg5 21. Re2
exd4 22. Rxd4 Rad8 23. Rxd7 Qxd7 24. h4 Bf6 25. Bxf6 gxf6 26. Kg2 Kg7 27. Bf3
Ba6 28. Re3 Bd3 29. Qc3 b5 30. Re1 Qf5 31. Re3 Rd7 32. g4 Qg6 33. h5 Qh7
34. Bxc6 Rc7 35. Qxd3 Qxd3 36. Rxd3 Rxc6 37. b4 a5 38. Rd6 Rc7 39. a3 axb4
40. axb4 Re7 41. Kf3 Re5 42. Rb6 f5 43. Rxb5 fxg4+ 44. Kxg4 Kf6 45. Rb6+ Ke7
46. f4 Re4 47. Kf5 Rc4 48. Rb7+ Kd8 49. Rxf7 Rxb4 50. c6 Rb6 51. Rf6 Ke7
52. Re6+ Kf7 53. c7 Rxe6 54. c8=Q Rf6+ 55. Ke5 Kg7 56. Qg4+ 1-0

[Event "POHÁR města Říčany 2024"]
[Site "Městské kulturní středisko U labutě"]
[Date "2024.07.04"]
[Round "7.11"]
[White "Novotny, David"]
[Black "Pavlicek, Petr"]
[Result "1-0"]
[WhiteElo "2034"]
[BlackElo "1904"]
[WhiteFideId "374083"]
[BlackFideId "325163"]
[PlyCount "0"]
[EventDate "2024.06.29"]

1. e4 e6 2. d4 d5 3. Nc3 dxe4 4. Nxe4 Bd7 5. Nf3 Bc6 6. Bd3 Nd7 7. c3 Ngf6
8. Nxf6+ Nxf6 9. Bf4 Bxf3 10. Qxf3 c6 11. O-O Bd6 12. Be5 O-O 13. Rad1 Qe7
14. Rfe1 Rad8 15. Re3 h6 16. h4 Nh7 17. Qe4 f5 18. Bxd6 Rxd6 19. Qf4 g5 20. hxg5
hxg5 21. Qe5 Qd7 22. Bc4 Rf6 23. Rde1 Kf7 24. Rh3 Nf8 25. Rh8 Qe8 26. Qh2 Rg6
27. Re5 Kg7 28. Rxf5 exf5 29. Rg8+ 1-0

[Event "POHÁR města Říčany 2024"]
[Site "Městské kulturní středisko U labutě"]
[Date "2024.07.04"]
[Round "7.12"]
[White "Lizner, Milan"]
[Black "Pisar, Tomas"]
[Result "0-1"]
[WhiteElo "1847"]
[BlackElo "1971"]
[WhiteFideId "324256"]
[BlackFideId "23701501"]
[PlyCount "0"]
[EventDate "2024.06.29"]

1. e4 e5 2. Nf3 Nc6 3. c3 Nf6 4. d4 Nxe4 5. d5 Ne7 6. Nxe5 Ng6 7. Nxg6 hxg6
8. Bd3 Nf6 9. Bg5 Be7 10. Bxf6 gxf6 11. Nd2 c6 12. dxc6 bxc6 13. Qe2 d5
14. O-O-O Kf8 15. h4 Be6 16. Nb3 c5 17. Bxg6 Qb6 18. Rde1 a5 19. Bf5 c4 20. Bxe6
fxe6 21. Nd2 Rb8 22. Qxe6 Qxb2+ 23. Kd1 Re8 24. Qxd5 Rd8 0-1

[Event "POHÁR města Říčany 2024"]
[Site "Městské kulturní středisko U labutě"]
[Date "2024.07.04"]
[Round "7.13"]
[White "Sedlak, Milan"]
[Black "Ocelak, David"]
[Result "1-0"]
[WhiteElo "1953"]
[BlackElo "1815"]
[WhiteFideId "23746149"]
[BlackFideId "23728795"]
[PlyCount "0"]
[EventDate "2024.06.29"]

1. Nf3 d5 2. g3 Nf6 3. Bg2 Bf5 4. d3 e6 5. Nbd2 Be7 6. O-O O-O 7. c4 c6 8. b3
Nbd7 9. Bb2 h6 10. Re1 a5 11. e4 Bh7 12. e5 Ne8 13. d4 Nc7 14. Qe2 a4 15. Bf1
Na6 16. a3 axb3 17. Nxb3 dxc4 18. Qxc4 Nb6 19. Qc1 Na4 20. Nfd2 Qb6 21. Re3 Nc7
22. Nc4 Qa7 23. Re1 Nb5 24. Nba5 Nxb2 25. Qxb2 Qxd4 26. Qb3 Bc5 27. Ra2 Qd7
28. Bg2 Rfb8 29. Rd2 Qc7 30. a4 Nd4 31. Qd1 Rxa5 32. Nxa5 Qxa5 33. Rxd4 Bxd4 1-0

[Event "POHÁR města Říčany 2024"]
[Site "Městské kulturní středisko U labutě"]
[Date "2024.07.04"]
[Round "7.14"]
[White "Hosova, Sandra"]
[Black "Jakubse, Tamae Severina"]
[Result "1-0"]
[WhiteElo "1808"]
[BlackElo "1935"]
[WhiteFideId "397717"]
[BlackFideId "23745975"]
[PlyCount "0"]
[EventDate "2024.06.29"]

1. d4 Nf6 2. c4 g6 3. Nc3 d5 4. cxd5 Nxd5 5. e4 Nxc3 6. bxc3 Bg7 7. Nf3 O-O
8. Be2 c5 9. O-O Bg4 10. Be3 Qa5 11. Qb3 cxd4 12. cxd4 Nc6 13. Rad1 Rad8 14. d5
Ne5 15. Qxb7 Qxa2 16. Rd2 Qa4 17. Qxa7 Qxe4 18. Ng5 Qb4 19. Rd4 Nf3+ 20. Bxf3
Bxd4 21. Bxd4 Bxf3 22. Bc5 Qg4 23. Nxf3 Rxd5 24. Qxe7 Rfd8 25. Ne5 Qe6 26. Qxe6
fxe6 27. Nc6 1-0

[Event "POHÁR města Říčany 2024"]
[Site "Městské kulturní středisko U labutě"]
[Date "2024.07.04"]
[Round "7.16"]
[White "Skala, Jaromir"]
[Black "Meca, Viktor"]
[Result "1/2-1/2"]
[WhiteElo "1914"]
[BlackElo "1786"]
[WhiteFideId "325805"]
[BlackFideId "23739800"]
[PlyCount "0"]
[EventDate "2024.06.29"]

1. d4 Nf6 2. Nf3 e6 3. g3 d5 4. Bg2 Bd6 5. b3 Nbd7 6. Bb2 O-O 7. c4 c6 8. O-O
Re8 9. Nbd2 e5 10. dxe5 Nxe5 11. cxd5 cxd5 12. Nxe5 Bxe5 13. Bxe5 Rxe5 14. Nf3
Re8 15. Qd3 b5 16. Rfd1 Bb7 17. Rac1 Qe7 18. Nd4 Rac8 19. Bh3 Rc5 20. Rc2 Bc8
21. Bg2 Bd7 22. Rdc1 Rec8 23. e3 1/2-1/2

[Event "POHÁR města Říčany 2024"]
[Site "Městské kulturní středisko U labutě"]
[Date "2024.07.04"]
[Round "7.17"]
[White "Madle, Robin"]
[Black "Hronik, Petr"]
[Result "1/2-1/2"]
[WhiteElo "1889"]
[BlackElo "1907"]
[WhiteFideId "393886"]
[BlackFideId "336700"]
[PlyCount "0"]
[EventDate "2024.06.29"]

1. b3 e5 2. Bb2 f6 3. e3 d5 4. c4 c6 5. d4 e4 6. Nc3 Be6 7. Nge2 Bd6 8. cxd5
cxd5 9. Rc1 a6 10. Na4 Nd7 11. Nc5 Nxc5 12. dxc5 Bc7 13. Nd4 Ba5+ 14. Bc3 Bxc3+
15. Rxc3 Qa5 16. Qd2 Bd7 17. c6 bxc6 18. Nxc6 Bxc6 19. Rxc6 Qxd2+ 20. Kxd2 Ne7
21. Rxa6 Kf7 22. a4 Rab8 23. Bb5 Rhc8 24. Rc1 Rxc1 25. Kxc1 Rc8+ 26. Kd2 Rd8
27. Ra7 Ke6 28. Rb7 Nf5 29. b4 g5 30. a5 Nd6 31. Rb6 Ke5 32. a6 d4 33. a7 dxe3+
34. Kxe3 Ra8 35. Ra6 Nxb5 36. Ra5 Rxa7 37. Rxb5+ Ke6 38. Kxe4 Ra2 39. Rb6+ Kf7
40. Kf3 h5 41. g3 g4+ 42. Kg2 Rb2 43. Rb7+ Kg6 44. b5 Rb1 45. Rb8 Kg7 46. b6 Rb2
47. Rb7+ Kg6 48. Rb8 Kg7 49. b7 Kh7 50. h3 Kg7 51. hxg4 hxg4 52. Kf1 Rb5 53. Ke2
Rb3 54. Kd2 Rb6 55. Ke3 Rb4 56. Kd3 Rb6 57. Ke4 Rb2 58. Kd4 Rb5 59. Kc4 Rb2
60. Kd5 Rd2+ 61. Ke4 Rb2 62. Ke3 Rb4 63. f4 gxf3 64. Kxf3 Rb6 65. g4 Rb4 66. Ke3
Rb6 67. Kd4 Rb5 68. Kc4 Rb1 69. Kd5 Rd1+ 70. Kc6 Rc1+ 71. Kd7 1/2-1/2

[Event "POHÁR města Říčany 2024"]
[Site "Městské kulturní středisko U labutě"]
[Date "2024.07.04"]
[Round "7.19"]
[White "Cabela, Filip"]
[Black "Rous, Dominik"]
[Result "1-0"]
[WhiteElo "1903"]
[BlackElo "1719"]
[WhiteFideId "23753552"]
[BlackFideId "375993"]
[PlyCount "0"]
[EventDate "2024.06.29"]

1. e4 Nc6 2. Nf3 e5 3. Bc4 Bc5 4. O-O d6 5. c3 Bg4 6. h3 Bh5 7. d3 h6 8. Nbd2
Nf6 9. b4 Bb6 10. a4 a6 11. Ba2 O-O 12. Nc4 d5 13. Nxb6 cxb6 14. Qe2 dxe4
15. dxe4 Qc7 16. Re1 Rad8 17. g4 Bg6 18. Qc4 Rd7 19. b5 Na5 20. Qxc7 Rxc7
21. Nxe5 Bxe4 22. c4 Bc2 23. Be3 Rcc8 24. Bxb6 Nb3 25. Bxb3 Bxb3 26. Rec1 Rfe8
27. f4 g5 28. Ra3 gxf4 29. Bd4 Bxc4 30. Rxc4 Rxc4 31. Nxc4 Re4 32. Bxf6 Rxc4
33. bxa6 bxa6 34. Kf2 Kh7 35. Kf3 Kg6 36. Be5 Kg5 37. h4+ Kxh4 38. Bxf4 a5
39. Ra1 Rc3+ 40. Be3 f5 41. Rh1# 1-0

[Event "POHÁR města Říčany 2024"]
[Site "Městské kulturní středisko U labutě"]
[Date "2024.07.04"]
[Round "7.20"]
[White "Voracek, Zdenek"]
[Black "Gacho, Ondrej"]
[Result "0-1"]
[WhiteElo "1914"]
[BlackElo "1765"]
[WhiteFideId "331880"]
[BlackFideId "23718102"]
[PlyCount "0"]
[EventDate "2024.06.29"]

1. d4 d5 2. c4 e6 3. Nc3 Nf6 4. Bg5 Be7 5. Nf3 b6 6. e3 O-O 7. Rc1 Nbd7 8. Bd3
Bb7 9. O-O Rc8 10. cxd5 exd5 11. Qe2 Ne4 12. Bxe7 Qxe7 13. Ba6 Bxa6 14. Qxa6
Nxc3 15. Rxc3 Qd6 16. Rd1 c5 17. dxc5 Nxc5 18. Qe2 Ne4 19. Rcd3 Rfd8 20. Nd4 Nc5
21. R3d2 Ne4 22. Nf5 Qf6 23. Rxd5 Rxd5 24. Rxd5 Rc1+ 25. Rd1 Qxb2 26. Rxc1 Qxc1+
27. Qf1 Qxf1+ 28. Kxf1 Nc3 29. Ne7+ Kf8 30. Nc8 Nxa2 31. Nxa7 Nc3 32. Nc6 Ke8
33. Ke1 Kd7 34. Ne5+ Ke6 35. f4 f6 36. Nc4 b5 37. Nb2 Na4 38. Nd3 Kd5 39. Kd2
Nc5 40. Nb4+ Kc4 41. Nc2 b4 42. Kc1 Kc3 43. Nd4 Nb3+ 44. Kd1 Nxd4 0-1

[Event "POHÁR města Říčany 2024"]
[Site "Městské kulturní středisko U labutě"]
[Date "2024.07.04"]
[Round "7.21"]
[White "Jirousek, Tadeas"]
[Black "Artamonov, Mikhail"]
[Result "1-0"]
[WhiteElo "1831"]
[BlackElo "1800"]
[WhiteFideId "382353"]
[BlackFideId "23732946"]
[PlyCount "0"]
[EventDate "2024.06.29"]

1. e4 e6 2. d4 d5 3. Nd2 c5 4. Ngf3 Nc6 5. c3 cxd4 6. cxd4 Bb4 7. Bd3 dxe4
8. Bxe4 Nge7 9. a3 Ba5 10. b4 Bb6 11. Nb3 Nd5 12. O-O O-O 13. Re1 h6 14. Bc2 Qd6
15. Qd3 Nf6 16. b5 Ne7 17. Nbd2 Qd7 18. Ne4 Ned5 19. Ne5 Qe7 20. Nxf6+ Nxf6
21. Ng4 Rd8 22. Nxf6+ Qxf6 23. Qh7+ Kf8 24. a4 Qxd4 25. Ba3+ Ke8 26. Rad1 Qxf2+
27. Kh1 Rxd1 28. Rxd1 Bd4 29. Qg8+ Kd7 30. Qf8 Qf6 31. Qd6+ Ke8 32. Qf8+ Kd7
33. Be7 Qxe7 34. Rxd4+ 1-0

[Event "POHÁR města Říčany 2024"]
[Site "Městské kulturní středisko U labutě"]
[Date "2024.07.04"]
[Round "7.22"]
[White "Stork, Rostislav"]
[Black "Grebeniuc, Alexandra"]
[Result "0-1"]
[WhiteElo "1808"]
[BlackElo "1800"]
[WhiteFideId "354988"]
[BlackFideId "13911635"]
[PlyCount "0"]
[EventDate "2024.06.29"]

1. e4 c6 2. d4 d5 3. e5 Bf5 4. Nd2 e6 5. Nb3 Nd7 6. Nf3 a6 7. Be3 Ne7 8. a4 Bg6
9. Bd3 Bxd3 10. Qxd3 g6 11. O-O Bg7 12. a5 O-O 13. Nbd2 c5 14. dxc5 Nc6 15. Bd4
Qc7 16. c3 Ndxe5 17. Nxe5 Nxe5 18. Qg3 Rfc8 19. b4 Nc6 20. Bxg7 Kxg7 21. f4 Rd8
22. Nb3 d4 23. Rad1 dxc3 24. Qxc3+ Kg8 25. g3 Rxd1 26. Rxd1 Rd8 27. Rd2 Rd7
28. Kf2 Qd8 29. Ke3 Ne7 30. Rxd7 Qxd7 31. Qd2 Nd5+ 32. Kd4 Nxb4+ 33. Kc3 Nd5+
34. Kd4 Qa4+ 0-1

[Event "POHÁR města Říčany 2024"]
[Site "Městské kulturní středisko U labutě"]
[Date "2024.07.04"]
[Round "7.23"]
[White "Dudkova, Josefina"]
[Black "Glasberger, Roman"]
[Result "1-0"]
[WhiteElo "1794"]
[BlackElo "1698"]
[WhiteFideId "23712350"]
[BlackFideId "398799"]
[PlyCount "0"]
[EventDate "2024.06.29"]

1. d4 d5 2. Nf3 Nf6 3. e3 e6 4. Bd3 c5 5. b3 Nc6 6. Bb2 Be7 7. a3 O-O 8. Nbd2
Qc7 9. Ne5 Nxe5 10. dxe5 Nd7 11. f4 Rd8 12. O-O g6 13. Qf3 Nb6 14. Qe2 Bd7
15. g4 Bc6 16. f5 d4 17. exd4 cxd4 18. f6 Bf8 19. h4 Rd5 20. Nf3 Rad8 21. h5 Bh6
22. Bc1 Be3+ 23. Bxe3 dxe3 24. Qxe3 Kh8 25. Qh6 Rg8 26. Ng5 1-0

[Event "POHÁR města Říčany 2024"]
[Site "Městské kulturní středisko U labutě"]
[Date "2024.07.04"]
[Round "7.24"]
[White "Kubicek, Daniel"]
[Black "Cervenka, Petr"]
[Result "1-0"]
[WhiteElo "1791"]
[BlackElo "1874"]
[WhiteFideId "23718838"]
[BlackFideId "312444"]
[PlyCount "0"]
[EventDate "2024.06.29"]

1. e4 e6 2. d4 d5 3. e5 c5 4. c3 Nc6 5. Nf3 Qb6 6. Bd3 Bd7 7. Bc2 Rc8 8. O-O
cxd4 9. cxd4 f6 10. Nc3 fxe5 11. Nxe5 Nxe5 12. dxe5 g6 13. Bb3 Bh6 14. Nxd5 exd5
15. Qxd5 Kd8 16. Bxh6 Nxh6 17. Rad1 Rc7 18. e6 Rf8 19. Qg5+ 1-0

[Event "POHÁR města Říčany 2024"]
[Site "Městské kulturní středisko U labutě"]
[Date "2024.07.04"]
[Round "7.25"]
[White "Rubin, Andrej"]
[Black "Zabehlicky, Jiri"]
[Result "1/2-1/2"]
[WhiteElo "1853"]
[BlackElo "1653"]
[WhiteFideId "23751738"]
[BlackFideId "339059"]
[PlyCount "0"]
[EventDate "2024.06.29"]

1. e4 e5 2. Nf3 Nc6 3. d4 exd4 4. Nxd4 Nf6 5. Nxc6 bxc6 6. e5 Nd5 7. c4 Bb4+
8. Bd2 Bxd2+ 9. Nxd2 Ne7 10. Bd3 d6 11. exd6 Qxd6 12. Qe2 Qe6 13. O-O Qxe2
14. Bxe2 O-O 15. Bf3 Bb7 16. Nb3 Rab8 17. Nc5 Bc8 18. Rfe1 Ng6 19. b3 Rb6
20. Rad1 f6 21. g3 Ne5 22. Bg2 g5 23. h3 Kg7 24. g4 Kf7 25. Re3 Re8 26. Be4 h6
27. Kg2 Rb8 28. Re2 a5 29. Red2 Be6 30. Re2 Re7 31. Bf5 Bc8 32. Red2 Bxf5
33. gxf5 Rbe8 34. Kg3 h5 35. f4 h4+ 36. Kf2 gxf4 37. Nd7 Nxd7 38. Rxd7 Kg7
39. Kf3 Kh6 40. Rxe7 Rxe7 41. Kxf4 Rg7 42. Rd8 Rg3 43. Rh8+ Kg7 44. Rxh4 Rg2
45. Rg4+ Rxg4+ 46. Kxg4 c5 47. a3 Kh6 48. Kh4 Kg7 49. Kh5 Kh7 50. Kg4 Kh6 51. h4
Kg7 52. h5 Kh6 53. Kh4 Kg7 54. a4 Kh6 55. Kg4 1/2-1/2

[Event "POHÁR města Říčany 2024"]
[Site "Městské kulturní středisko U labutě"]
[Date "2024.07.04"]
[Round "7.27"]
[White "Rossler, Erik"]
[Black "Pesek, Jan Antonin"]
[Result "1-0"]
[WhiteElo "1797"]
[BlackElo "1635"]
[WhiteFideId "23719761"]
[BlackFideId "23745010"]
[PlyCount "0"]
[EventDate "2024.06.29"]

1. e4 c5 2. Nf3 Nc6 3. d4 cxd4 4. Nxd4 g6 5. c4 Bg7 6. Be3 Nf6 7. f3 Qb6 8. Nf5
Qxb2 9. Nxg7+ Kf8 10. Nd2 Kxg7 11. Nb3 Nb4 12. Qd2 Qxd2+ 13. Kxd2 d6 14. c5 dxc5
15. Bxc5 Nc6 16. Bb5 Rd8+ 17. Ke3 Kf8 18. Bxc6 bxc6 19. Na5 Bd7 20. Rac1 Be8
21. Bd4 Rdc8 22. Rc2 Rc7 23. Rhc1 Nd7 24. Rxc6 Rxc6 25. Rxc6 Nb6 26. Rc7 Rc8
27. Bxb6 1-0